Movie By Cupcake Quiz Stats

 Plays Quiz Updated Nov 20, 2018

Challenge
Share
Tweet
Score 0/16 Timer 05:00
0 Plays Today
# Movie % Correct
Ghostbusters
98.8%
8Shrek
97.3%
5Scream
91.5%
6Star Wars
90.7%
4The Wizard of Oz
85.2%
15Toy Story
84%
9The Hunger Games
78.7%
16The Nightmare Before Christmas
75.1%
# Movie % Correct
10Despicable Me
74.7%
11Alice in Wonderland
70.7%
14Saw
67.7%
7A Nightmare on Elm Street
65.6%
3Where the Wild Things Are
49.7%
13The Punisher
43.3%
Watchmen
40.3%
12Alien
30.9%

You're not logged in!

Compare scores with friends on all Sporcle quizzes.
OR
Log In

You Might Also Like...

Show Comments

Extras

Top Quizzes Today


Score Distribution

Your Account Isn't Verified!

In order to create a playlist on Sporcle, you need to verify the email address you used during registration. Go to your Sporcle Settings to finish the process.

Report this User

Report this user for behavior that violates our Community Guidelines.

Details: